Inštitucionálne a makroekonomické prostredie firiem
Skúmanie hospodárskych porúch z nedávnej minulosti poukazuje na to, že jednou z príčin ich vzniku bolo zlyhanie princípov dobrej správy spoločností. Táto skutočnosť otvorila možnosť presadenia sa alternatívnym ekonomickým prúdom, ako je nová inštitucionálna ekonomická teória. Správne nastavenie form...
Salvato in:
| Autore principale: | |
|---|---|
| Altri autori: | |
| Natura: | Capitolo di libro |
| Lingua: | slovacco |
| Soggetti: | |
| Tags: |
Nessun Tag, puoi essere il primo ad aggiungerne!!
|
MARC
| LEADER | 00000nla a2200000 4500 | ||
|---|---|---|---|
| 001 | 0230160 | ||
| 005 | 20240502083619.3 | ||
| 041 | 0 | |a slo | |
| 044 | |a CZ | ||
| 245 | 1 | 0 | |a Inštitucionálne a makroekonomické prostredie firiem |c Zuzana Kittová, Dušan Steinhauser |
| 520 | |a Skúmanie hospodárskych porúch z nedávnej minulosti poukazuje na to, že jednou z príčin ich vzniku bolo zlyhanie princípov dobrej správy spoločností. Táto skutočnosť otvorila možnosť presadenia sa alternatívnym ekonomickým prúdom, ako je nová inštitucionálna ekonomická teória. Správne nastavenie formálnych, neformálnych inštitúcií a organizácií má zásadný vplyv na hospodársku realitu, na inštitucionálne prostredie, v ktorom pôsobia firmy. | ||
| 610 | 2 | 0 | |a prostredie ekonomické |
| 610 | 2 | 0 | |a prostredie podnikateľské |
| 610 | 2 | 0 | |a kríza hospodárska |
| 610 | 2 | 0 | |a analýza empirická |
| 610 | 2 | 0 | |a sloboda ekonomická |
| 610 | 2 | 0 | |a analýza kvantitatívna |
| 100 | 1 | |a Kittová, Zuzana, 1975- | |
| 700 | 1 | |a Steinhauser, Dušan, 1988- | |